| 000 | 00515nam a2200193 a 4500 | ||
|---|---|---|---|
| 001 | 1769488318596 | ||
| 003 | YourLibrary | ||
| 005 | 20260128114522.0 | ||
| 008 | 260127s1991##################000#0#eng## | ||
| 020 | _a9780820412917 | ||
| 082 | 0 | 4 |
_a304.82 _bKRA |
| 100 | 1 |
_aKrau, Edgar, _eauthor. |
|
| 245 | 1 | 0 | _aThe Contradictory Immigrant Problem : |
| 260 |
_bPeter Lang Pub Incorporated, _c1991. |
||
| 300 | _a396 pages | ||
| 650 | 0 | _aPsychology. | |
| 942 | _cENGLISH | ||
| 040 |
_aYourLibrary _beng _cYourLibrary |
||
| 999 |
_c609335 _d609335 |
||